000 01223nam a2200277Ia 4500
001 justdyingtoliver00hylt
003 CaSfIA
005 20210118161814.0
007 cr||||
008 900208s1976 miu 000 0 eng d
040 _aSBI
_cSBI
_dCaSfIA
035 _a(OCoLC)21018407
050 4 _aBS2665.4
_b.H9
082 4 _a227.1
100 1 _aHylton, Jim.
245 1 0 _aJust dying to live :
_h[electronic resource]
_brenewal through a review of Romans /
_cJim Hylton.
260 _aKalamazo, Mich. :
_bMaster's Press,
_c1976.
300 _a159 p. :
_c20 cm.
630 0 0 _aBible.
_pN.T.
_xRoman
_vDevotional literature.
029 1 _aAU@
_b000043131812
856 4 1 _uhttp://www.archive.org/details/justdyingtoliver00hylt
_zFree eBook from the Internet Archive
856 4 2 _uhttp://www.openlibrary.org/books/OL24226653M
_zAdditional information and access via Open Library
942 _cEB
506 _fНеобхідна авторизація на https://archive.org/ (створення облікового запису безкоштовно)
506 _fНеобхідна авторизація на https://openlibrary.org/ (створення облікового запису безкоштовно)
999 _c515138
_d515138